Book quiz - 20th century female authors - 1950 to 1999 - Statistics

General Stats
  • This quiz has been taken 163 times
    154 since last reset
  • The average score is 17 of 60
Answer Stats
Year Title Author % Correct
1960 To Kill a Mockingbird Harper Lee
98%
1997 Harry Potter and the Philosopher's Stone J.K. Rowling
95%
1963 The Bell Jar Sylvia Plath
91%
1985 The Handmaid's Tale Margaret Atwood
83%
1986 Beloved Toni Morrison
78%
1957 Atlas Shrugged Ayn Rand
76%
1969 I Know Why the Caged Bird Sings Maya Angelou
73%
1976 Interview With the Vampire Anne Rice
63%
1983 The Color Purple Alice Walker
59%
1996 Bridget Jones' Diary Helen Fielding
59%
1989 The Joy Luck Club Amy Tan
58%
1975 Curtain Agatha Christie
45%
1993 The Shipping News E. Annie Proulx
44%
1966 Wide Sargasso Sea Jean Rhys
39%
1967 The Outsiders S.E. Hinton
36%
1998 The Poisonwood Bible Barbara Kingsolver
35%
1982 The House of the Spirits Isabel Allende
35%
1997 The God of Small Things Arundhati Roy
33%
1962 The Golden Notebook Doris Lessing
33%
1977 The Thorn Birds Colleen McCullough
32%
1968 The World is Full of Married Men Jackie Collins
32%
1961 The Prime of Miss Jean Brodie Muriel Spark
32%
1982 A is for Alibi Sue Grafton
28%
1978 The Sea, the Sea Iris Murdoch
26%
1950 Strangers on a Train Patricia Highsmith
26%
1973 Fear of Flying Erica Jong
24%
1959 The Haunting of Hill House Shirley Jackson
24%
1980 The Clan of the Cave Bear Jean M. Auel
23%
1999 Girl With a Pearl Earring Tracy Chevalier
23%
1989 Like Water for Chocolate Laura Esquivel
21%
1997 Sex and the City Candace Bushnell
18%
1985 The Accidental Tourist Anne Tyler
15%
1966 Valley of the Dolls Jacqueline Susann
15%
1962 Cover Her Face P.D. James
15%
1983 The Life and Loves of a She-Devil Fay Weldon
13%
1980 Housekeeping Marilynne Robinson
13%
1987 The Shell Seekers Rosamunde Pilcher
12%
1952 Giant Edna Ferber
11%
1956 Peyton Place Grace Metalious
11%
1963 The Group Mary McCarthy
11%
1991 A Thousand Acres Jane Smiley
10%
1972 The Optimist's Daughter Eudora Welty
8%
1999 White Oleander Janet Fitch
8%
1976 Ordinary People Judith Guest
8%
1962 Ship of Fools Katherine Anne Porter
8%
1977 A Judgment in Stone Ruth Rendell
8%
1991 Scarlett Alexandra Ripley
6%
1970 84, Charing Cross Road Helene Hanff
6%
1980 Princess Daisy Judith Krantz
6%
1965 The Millstone Margaret Drabble
6%
1984 Foreign Affairs Alison Lurie
5%
1993 The Stone Diaries Carol Shields
5%
1975 Looking for Mr Goodbar Judith Rossner
5%
1963 I Am David Anne Holm
4%
1958 The Best of Everything Rona Jaffe
4%
1975 Crocodile on the Sandbank Elizabeth Peters
3%
1956 The Nun's Story Kathryn Hulme
3%
1964 The Keepers of the House Shirley Ann Grau
3%
1987 That Night Alice McDermott
2%
1977 Quiet as a Nun Antonia Fraser
2%
No matching quizzes found
Score Distribution
Percent of People with Each Score
Percentile by Number Answered
Your Score History
You have not taken this quiz since the last reset